Death Stranding main characters [BETTER PASS THE GAME FIRST] - Statistics

General Stats
  • This quiz has been taken 71 times
  • The average score is 11 of 12
Answer Stats
Picture Answer % Correct
Sam Porter-Bridges
100%
Fragile
98%
Diehardman
97%
Heartman
97%
Amelie
95%
Deadman
95%
Higgs
95%
Louise
95%
Clifford Unger
89%
Mama
89%
Bridget Strand
80%
Lockne
74%
No matching quizzes found
Score Distribution
Percent of People with Each Score
Percentile by Number Answered
Your Score History
You have not taken this quiz